000 00779nam a2200229Ia 4500
005 20250108124908.0
008 008 250107s9999 xx 000 0 hin d
020 _a978-81-953654-7-0
037 _aTB
040 _aCRL
_bhin
_cCRL
041 _ahin
_2hin
084 _aO1593,3NGOx Q9
084 _qCRL
100 _aशेख, गुलाममोहम्मद, ले.
_9730030
245 0 _aनिरखे वही नजर
_cशेख, गुलाममोहम्मद, ले.
260 _aनई दिल्ली, भारत
_bराजकमल प्रकाशन
_c2581
300 _a448पृ0
365 _aINR
_b240
650 _aललित कला
_9156314
942 _cTB
_hO1593,3NGOx Q9
999 _c1234969
_d1234969